000 00278nam a2200121Ia 4500
005 20251222143215.0
008 251222s9999||||xx |||||||||||||| ||spa||
082 _a425.03/S65
100 _aSoars, John
245 0 _aHeadway:
264 _bOxford University Press
942 _cLIB
999 _c13600
_d13600